L'arrabiata and other tales / (Record no. 155429)

MARC details
000 -LEADER
campo de control de longitud fija 00676nam a22002055i 4500
001 - NÚMERO DE CONTROL
campo de control 155429
003 - IDENTIFICADOR DE NÚMERO DE CONTROL
campo de control ES-MaACL
005 - FECHA Y HORA DE LA ÚLTIMA TRANSACCIÓN
campo de control 20230906210054.0
008 - DATOS DE LONGITUD FIJA--INFORMACIÓN GENERAL
campo de control de longitud fija 040721s1867 gw |||| | eng d
040 ## - FUENTE DE CATALOGACIÓN
Centro catalogador/agencia de origen CAM
Lengua de catalogación spa
Centro/agencia transcriptor CAM
100 1# - ENTRADA PRINCIPAL--NOMBRE DE PERSONA
Nombre de persona Heyse, Paul.
9 (RLIN) 127964
245 12 - MENCIÓN DEL TÍTULO
Título L'arrabiata and other tales /
Mención de responsabilidad, etc. by Paul Heyse; from the german by Mary Wilson.
260 ## - PUBLICACIÓN, DISTRIBUCIÓN, ETC.
Lugar de publicación, distribución, etc. Leipzig [etc] :
Nombre del editor, distribuidor, etc. Bernhard Tauchnitz [etc],
Fecha de publicación, distribución, etc. 1867.
300 ## - DESCRIPCIÓN FÍSICA
Extensión 274 p. ;
Dimensiones 16 cm.
490 1# - MENCIÓN DE SERIE
Mención de serie Collection of german authors ;
Designación de volumen o secuencia 7
700 11 - ENTRADA AGREGADA--NOMBRE PERSONAL
Nombre de persona Wilson, Mary,
Término indicativo de función/relación
9 (RLIN) 133941
830 0# - PUNTO DE ACCESO ADICIONAL DE SERIE-TÍTULO UNIFORME
Título uniforme Collection of german authors ;
Designación de volumen o secuencia 7
9 (RLIN) 187880
852 ## - LOCALIZACIÓN
Ubicación ES-MaACL
Número de control de estantería G-11570
Nota libre -- Enc. hol.
Holdings
Estatus retirado Estado de pérdida Estado de daño No para préstamo Colección Biblioteca de origen Biblioteca actual Ubicación en estantería Fecha de adquisición Fuente de adquisición Total de préstamos Signatura topográfica completa Código de barras Visto por última vez Precio de reemplazo Tipo de ítem Koha
        Libros del s. XIX Biblioteca del Ateneo de Madrid Biblioteca del Ateneo de Madrid Sala Pecera Planta 3 17/01/2008     G-11570 1162583 23/02/2023 23/02/2023 Libro impreso antiguo